[Event "ODJM A 2019"]
[Site "Willingen GER"]
[Date "2019.06.13"]
[Round "7"]
[White "Weber, Samuel"]
[Black "Stelmaszyk, Nico"]
[Result "1/2-1/2"]
[Termination "normal"]
[Board "1"]
[WhiteElo "2160"]
[BlackElo "2174"]
[WhiteClock "00:18:13"]
[BlackClock "00:09:23"]
[PlyCount "125"]
[WhiteFideId "12924008"]
[BlackFideId "16200462"]
[EventCountry "GER"]
[EventRounds "9"]
[EventType "swiss"]
[EventDate "2019.06.08"]

1. e4 {[%clk 1:30:56]} 1... c5 {[%clk 1:30:54]} 2. Nf3 {[%clk 1:30:57]} 2... e6
{[%clk 1:31:10]} 3. d3 {[%clk 1:30:59]} 3... Nc6 {[%clk 1:31:32]} 4. g3 { [%clk
1:31:18]} 4... g6 {[%clk 1:31:54]} 5. Bg2 {[%clk 1:31:42]} 5... Bg7 { [%clk
1:32:19]} 6. O-O {[%clk 1:32:03]} 6... Nge7 {[%clk 1:32:42]} 7. c3 { [%clk
1:32:14]} 7... e5 {[%clk 1:32:37]} 8. Be3 {[%clk 1:25:01]} 8... d6 { [%clk
1:32:56]} 9. a3 {[%clk 1:20:30]} 9... a5 {[%clk 1:31:37]} 10. a4 { [%clk
1:19:54]} 10... O-O {[%clk 1:24:50]} 11. Nfd2 {[%clk 1:14:59]} 11... f5 { [%clk
1:22:29]} 12. f4 {[%clk 1:13:40]} 12... exf4 {[%clk 1:16:17]} 13. Bxf4 { [%clk
1:07:05]} 13... Ne5 {[%clk 1:08:30]} 14. Nc4 {[%clk 1:04:12]} 14... Be6 { [%clk
1:00:56]} 15. Nba3 {[%clk 1:00:49]} 15... fxe4 {[%clk 0:43:45]} 16. Bxe5 {[%clk
0:59:06]} 16... dxe5 {[%clk 0:42:27]} 17. Rxf8+ {[%clk 0:58:09]} 17... Qxf8
{[%clk 0:42:21]} 18. dxe4 {[%clk 0:57:38]} 18... Nc6 {[%clk 0:34:47]} 19. Qd6
{[%clk 0:51:00]} 19... Bxc4 {[%clk 0:29:51]} 20. Qxf8+ {[%clk 0:50:56]} 20...
Kxf8 {[%clk 0:29:44]} 21. Nxc4 {[%clk 0:51:21]} 21... Rd8 {[%clk 0:29:40] } 22.
Kf2 {[%clk 0:49:26]} 22... Ke7 {[%clk 0:26:55]} 23. Ke2 {[%clk 0:49:51]} 23...
Bf6 {[%clk 0:10:14]} 24. Ra3 {[%clk 0:48:41]} 24... Kd7 {[%clk 0:09:26]} 25.
Rb3 {[%clk 0:43:57]} 25... Kc7 {[%clk 0:09:30]} 26. Rb5 {[%clk 0:43:16]} 26...
Be7 {[%clk 0:09:21]} 27. Bh3 {[%clk 0:42:12]} 27... Rb8 {[%clk 0:08:40]} 28.
Be6 {[%clk 0:41:44]} 28... b6 {[%clk 0:08:54]} 29. Bd5 {[%clk 0:37:35]} 29...
Na7 {[%clk 0:08:44]} 30. Rb3 {[%clk 0:37:59]} 30... Bf6 {[%clk 0:08:38]} 31. h4
{[%clk 0:34:05]} 31... Nc8 {[%clk 0:08:19]} 32. Ne3 {[%clk 0:32:59]} 32... Ne7
{[%clk 0:08:05]} 33. c4 {[%clk 0:30:59]} 33... Bg7 {[%clk 0:06:52]} 34. Rd3
{[%clk 0:28:27]} 34... Rf8 {[%clk 0:06:21]} 35. Nd1 {[%clk 0:27:11]} 35... Nc8
{[%clk 0:06:04]} 36. Nc3 {[%clk 0:26:19]} 36... Nd6 {[%clk 0:06:06]} 37. Be6
{[%clk 0:23:30]} 37... Re8 {[%clk 0:05:10]} 38. Bh3 {[%clk 0:23:42]} 38... Kc6
{[%clk 0:04:04]} 39. Nb5 {[%clk 0:23:02]} 39... Rd8 {[%clk 0:03:40]} 40. b3
{[%clk 0:18:27]} 40... Bf6 {[%clk 0:02:37]} 41. Nc3 {[%clk 0:13:23]} 41... Rf8
{[%clk 0:29:31]} 42. Be6 {[%clk 0:42:15]} 42... Bd8 {[%clk 0:25:37]} 43. Rd1
{[%clk 0:36:18]} 43... Be7 {[%clk 0:24:28]} 44. Rh1 {[%clk 0:35:04]} 44... h6
{[%clk 0:24:32]} 45. Rd1 {[%clk 0:33:46]} 45... Bd8 {[%clk 0:23:50]} 46. Rd3
{[%clk 0:34:12]} 46... Be7 {[%clk 0:24:10]} 47. Bh3 47... Bd8 { [%clk 0:21:12]}
48. Rf3 {[%clk 0:28:30]} 48... Rxf3 {[%clk 0:14:18]} 49. Kxf3 { [%clk 0:28:47]}
49... Ne8 {[%clk 0:14:06]} 50. Be6 {[%clk 0:28:29]} 50... Nf6 51. Nd1 {[%clk
0:26:09]} 51... Kd6 {[%clk 0:14:19]} 52. Bf7 {[%clk 0:26:30]} 52... g5 {[%clk
0:13:47]} 53. Ne3 {[%clk 0:23:51]} 53... Ke7 {[%clk 0:14:05]} 54. Bd5 {[%clk
0:23:19]} 54... Kf8 {[%clk 0:12:12]} 55. hxg5 {[%clk 0:17:27]} 55... hxg5
{[%clk 0:12:27]} 56. Ng4 {[%clk 0:17:55]} 56... Nxg4 {[%clk 0:07:41] } 57. Kxg4
{[%clk 0:18:14]} 57... Ke8 {[%clk 0:07:39]} 58. Kf5 {[%clk 0:18:35]} 58... Kd7
{[%clk 0:08:01]} 59. g4 {[%clk 0:17:48]} 59... Kd6 {[%clk 0:08:24]} 60. Kg6
{[%clk 0:18:16]} 60... Be7 {[%clk 0:08:43]} 61. Kf7 {[%clk 0:18:43]} 61... Bd8
{[%clk 0:09:00]} 62. Ke8 {[%clk 0:18:44]} 62... Be7 {[%clk 0:09:23]} 63. Kf7
{[%clk 0:18:13]} 1/2-1/2

[Event "ODJM A 2019"]
[Site "Willingen GER"]
[Date "2019.06.13"]
[Round "7"]
[White "Oberhofer, Cedric"]
[Black "Hesse, Henrik"]
[Result "1-0"]
[Termination "normal"]
[Board "2"]
[WhiteElo "2243"]
[BlackElo "2166"]
[WhiteClock "00:15:21"]
[BlackClock "00:00:39"]
[PlyCount "63"]
[WhiteFideId "12941220"]
[BlackFideId "12952060"]
[EventCountry "GER"]
[EventRounds "9"]
[EventType "swiss"]
[EventDate "2019.06.08"]

1. d4 {[%clk 1:30:58]} 1... Nf6 {[%clk 1:30:46]} 2. c4 {[%clk 1:31:21]} 2... e6
{[%clk 1:30:23]} 3. Nf3 {[%clk 1:31:42]} 3... d5 {[%clk 1:30:42]} 4. g3 { [%clk
1:32:06]} 4... Be7 {[%clk 1:31:02]} 5. Bg2 {[%clk 1:32:28]} 5... O-O { [%clk
1:31:18]} 6. O-O {[%clk 1:32:51]} 6... dxc4 {[%clk 1:31:39]} 7. Qc2 { [%clk
1:33:06]} 7... a6 {[%clk 1:30:23]} 8. a4 {[%clk 1:32:26]} 8... Bd7 { [%clk
1:28:26]} 9. Qxc4 {[%clk 1:31:59]} 9... Bc6 {[%clk 1:28:27]} 10. Bg5 { [%clk
1:31:00]} 10... Nbd7 {[%clk 1:11:19]} 11. Nc3 {[%clk 1:25:12]} 11... h6 { [%clk
1:07:00]} 12. Bxf6 {[%clk 1:24:10]} 12... Nxf6 {[%clk 1:06:27]} 13. Rfd1 {[%clk
1:16:52]} 13... Qd6 {[%clk 1:00:52]} 14. Qd3 {[%clk 1:04:36]} 14... Bxf3 {[%clk
0:42:02]} 15. Bxf3 {[%clk 1:00:24]} 15... c6 {[%clk 0:42:12]} 16. b4 { [%clk
0:47:00]} 16... Nd5 {[%clk 0:26:56]} 17. Ne4 {[%clk 0:36:48]} 17... Qc7 { [%clk
0:26:51]} 18. b5 {[%clk 0:34:50]} 18... cxb5 {[%clk 0:20:45]} 19. axb5 { [%clk
0:34:20]} 19... Nb4 {[%clk 0:14:58]} 20. Qb3 {[%clk 0:30:26]} 20... a5 { [%clk
0:13:38]} 21. Rdc1 {[%clk 0:22:05]} 21... Qb6 {[%clk 0:13:56]} 22. Nc5 { [%clk
0:22:07]} 22... Bxc5 {[%clk 0:04:14]} 23. Rxc5 {[%clk 0:21:37]} 23... Rfd8
{[%clk 0:03:25]} 24. e3 {[%clk 0:21:06]} 24... Rac8 {[%clk 0:02:03]} 25. Qc4
{[%clk 0:17:54]} 25... Rxc5 {[%clk 0:00:40]} 26. dxc5 {[%clk 0:16:31]} 26...
Qc7 {[%clk 0:01:06]} 27. b6 {[%clk 0:15:50]} 27... Qe5 {[%clk 0:00:34]} 28.
Rxa5 {[%clk 0:15:11]} 28... Qf5 {[%clk 0:00:33]} 29. Qe4 {[%clk 0:14:22]} 29...
Rd1+ {[%clk 0:00:32]} 30. Kg2 {[%clk 0:14:43]} 30... Qxe4 31. Bxe4 { [%clk
0:15:00]} 31... Rd7 {[%clk 0:00:39]} 32. Ra8+ {[%clk 0:15:21]} 1-0

[Event "ODJM A 2019"]
[Site "Willingen GER"]
[Date "2019.06.13"]
[Round "7"]
[White "Holtel, Jasper"]
[Black "Savchenko, Daniel"]
[Result "1-0"]
[Termination "normal"]
[Board "3"]
[WhiteTitle "FM"]
[WhiteElo "2272"]
[BlackElo "2119"]
[WhiteClock "00:11:50"]
[BlackClock "00:10:55"]
[PlyCount "63"]
[WhiteFideId "12956376"]
[BlackFideId "12919195"]
[EventCountry "GER"]
[EventRounds "9"]
[EventType "swiss"]
[EventDate "2019.06.08"]

1. e4 {[%clk 1:20:44]} 1... c5 {[%clk 1:30:50]} 2. Nf3 {[%clk 1:21:09]} 2... e6
{[%clk 1:31:12]} 3. c3 {[%clk 1:21:22]} 3... d5 {[%clk 1:31:08]} 4. exd5 {
[%clk 1:21:44]} 4... exd5 {[%clk 1:31:27]} 5. d4 {[%clk 1:22:07]} 5... Nc6 {
[%clk 1:30:16]} 6. Bd3 {[%clk 1:18:48]} 6... cxd4 {[%clk 1:20:48]} 7. Nxd4 {
[%clk 1:18:53]} 7... Nxd4 {[%clk 1:20:27]} 8. cxd4 {[%clk 1:18:49]} 8... Nf6 {
[%clk 1:20:18]} 9. O-O {[%clk 1:18:30]} 9... Be7 {[%clk 1:20:09]} 10. Nc3 {
[%clk 1:17:36]} 10... O-O {[%clk 1:19:58]} 11. Qb3 {[%clk 1:05:10]} 11... b6 {
[%clk 0:57:49]} 12. Bg5 {[%clk 0:57:22]} 12... Be6 {[%clk 0:58:00]} 13. Rac1 {
[%clk 0:55:51]} 13... h6 {[%clk 0:55:26]} 14. Bh4 {[%clk 0:54:47]} 14... Nh5 {
[%clk 0:51:42]} 15. Bxe7 {[%clk 0:35:29]} 15... Qxe7 {[%clk 0:52:04]} 16. Ba6 {
[%clk 0:35:35]} 16... Qg5 {[%clk 0:47:57]} 17. Ne2 {[%clk 0:34:48]} 17... Nf6 {
[%clk 0:38:08]} 18. Qg3 {[%clk 0:18:55]} 18... Qd2 {[%clk 0:34:38]} 19. Qc3 {
[%clk 0:19:07]} 19... Qg5 {[%clk 0:34:33]} 20. Qg3 {[%clk 0:19:28]} 20... Qd2 {
[%clk 0:34:50]} 21. Qd3 {[%clk 0:18:34]} 21... Qg5 {[%clk 0:34:01]} 22. Rc7 {
[%clk 0:15:56]} 22... Ne8 {[%clk 0:21:58]} 23. Rc6 {[%clk 0:15:12]} 23... Bd7 {
[%clk 0:22:04]} 24. Rc3 {[%clk 0:15:30]} 24... Nd6 {[%clk 0:21:12]} 25. Qg3 {
[%clk 0:13:53]} 25... Qf6 {[%clk 0:21:22]} 26. Qe5 {[%clk 0:13:34]} 26... Qxe5
{[%clk 0:20:58]} 27. dxe5 {[%clk 0:13:57]} 27... Nb5 {[%clk 0:19:10]} 28. Rcc1
{[%clk 0:12:27]} 28... d4 {[%clk 0:11:59]} 29. Rfd1 {[%clk 0:12:16]} 29... Rfe8
{[%clk 0:11:06]} 30. f4 {[%clk 0:12:08]} 30... d3 {[%clk 0:10:40]} 31. Rxd3 {
[%clk 0:12:17]} 31... Bf5 {[%clk 0:10:55]} 32. Rd2 {[%clk 0:11:50]} 1-0

[Event "ODJM A 2019"]
[Site "Willingen GER"]
[Date "2019.06.13"]
[Round "7"]
[White "Wanner, Lukas"]
[Black "Terhuven, Patrick"]
[Result "0-1"]
[Termination "normal"]
[Board "4"]
[WhiteElo "2099"]
[BlackElo "2192"]
[WhiteClock "00:10:03"]
[BlackClock "00:23:27"]
[PlyCount "120"]
[WhiteFideId "12918148"]
[BlackFideId "12919098"]
[EventCountry "GER"]
[EventRounds "9"]
[EventType "swiss"]
[EventDate "2019.06.08"]

1. c4 {[%clk 1:30:58]} 1... c5 {[%clk 1:30:55]} 2. g3 {[%clk 1:31:20]} 2... g6
{[%clk 1:31:19]} 3. Bg2 {[%clk 1:31:43]} 3... Bg7 {[%clk 1:31:41]} 4. Nc3 {
[%clk 1:31:58]} 4... Nc6 {[%clk 1:32:01]} 5. a3 {[%clk 1:31:51]} 5... b6 {
[%clk 1:32:19]} 6. Nf3 {[%clk 1:24:00]} 6... Bb7 {[%clk 1:31:28]} 7. O-O {
[%clk 1:23:10]} 7... d6 {[%clk 1:30:19]} 8. Rb1 {[%clk 1:21:08]} 8... Qd7 {
[%clk 1:26:01]} 9. b4 {[%clk 1:18:22]} 9... e6 {[%clk 1:23:11]} 10. e3 { [%clk
1:15:26]} 10... Nge7 {[%clk 1:14:44]} 11. Qa4 {[%clk 1:12:56]} 11... O-O {[%clk
1:10:04]} 12. Bb2 {[%clk 1:11:28]} 12... Rfd8 {[%clk 1:02:10]} 13. Rfd1 {[%clk
1:06:19]} 13... e5 {[%clk 0:57:09]} 14. d3 {[%clk 1:01:45]} 14... Rac8 { [%clk
0:55:34]} 15. Nd2 {[%clk 0:59:01]} 15... Ba8 {[%clk 0:48:22]} 16. Nd5 { [%clk
0:56:37]} 16... f5 {[%clk 0:42:51]} 17. Bc3 {[%clk 0:53:04]} 17... Rf8 { [%clk
0:40:42]} 18. b5 {[%clk 0:50:19]} 18... Nd8 {[%clk 0:39:54]} 19. Nxb6 { [%clk
0:49:09]} 19... axb6 {[%clk 0:40:02]} 20. Bxa8 {[%clk 0:49:28]} 20... f4 {[%clk
0:39:25]} 21. exf4 {[%clk 0:44:05]} 21... exf4 {[%clk 0:39:24]} 22. Bxg7 {[%clk
0:44:21]} 22... Kxg7 {[%clk 0:39:51]} 23. Bh1 {[%clk 0:38:13]} 23... Ne6 {[%clk
0:37:03]} 24. Nb3 {[%clk 0:28:06]} 24... f3 {[%clk 0:33:01]} 25. Nc1 { [%clk
0:23:49]} 25... Nd4 {[%clk 0:32:41]} 26. Re1 {[%clk 0:23:33]} 26... Ra8 { [%clk
0:30:31]} 27. Qd1 {[%clk 0:23:58]} 27... Rxa3 {[%clk 0:30:33]} 28. Nb3 { [%clk
0:21:22]} 28... Rxb3 {[%clk 0:22:09]} 29. Rxb3 {[%clk 0:21:26]} 29... Nxb3
{[%clk 0:22:30]} 30. Qxb3 {[%clk 0:21:49]} 30... Nf5 {[%clk 0:21:57]} 31. Bxf3
{[%clk 0:18:03]} 31... Nd4 {[%clk 0:22:13]} 32. Bc6 {[%clk 0:18:27]} 32... Qxc6
{[%clk 0:21:56]} 33. bxc6 {[%clk 0:18:05]} 33... Nxb3 {[%clk 0:22:20]} 34. Rb1
{[%clk 0:13:35]} 34... Nd4 {[%clk 0:18:15]} 35. Rxb6 {[%clk 0:13:59]} 35... Rc8
{[%clk 0:17:58]} 36. c7 {[%clk 0:13:20]} 36... Rxc7 {[%clk 0:17:13]} 37. Rxd6
{[%clk 0:13:45]} 37... Kf7 {[%clk 0:16:39]} 38. h4 {[%clk 0:11:45]} 38... Ne6
{[%clk 0:11:18]} 39. Kg2 {[%clk 0:10:36]} 39... Ke7 {[%clk 0:11:23]} 40. Rd5
{[%clk 0:10:12]} 40... Rd7 {[%clk 0:11:18]} 41. Rxd7+ {[%clk 0:10:31]} 41...
Kxd7 {[%clk 0:11:46]} 42. Kf3 {[%clk 0:10:43]} 42... Kd6 {[%clk 0:06:40]} 43.
Ke4 {[%clk 0:10:15]} 43... Nd4 {[%clk 0:05:54]} 44. Kf4 {[%clk 0:08:22]} 44...
h6 {[%clk 0:30:24]} 45. g4 {[%clk 0:35:11]} 45... Ke6 {[%clk 0:26:36]} 46. f3
{[%clk 0:29:54]} 46... Nc6 {[%clk 0:23:45]} 47. Ke4 {[%clk 0:20:04]} 47... Ne5
{[%clk 0:23:06]} 48. Ke3 {[%clk 0:17:04]} 48... h5 {[%clk 0:21:03]} 49. gxh5
{[%clk 0:15:46]} 49... gxh5 {[%clk 0:21:30]} 50. Ke4 {[%clk 0:13:58]} 50... Ng6
{[%clk 0:21:09]} 51. d4 {[%clk 0:13:56]} 51... cxd4 {[%clk 0:20:46]} 52. Kxd4
{[%clk 0:14:20]} 52... Nxh4 {[%clk 0:21:41]} 53. f4 {[%clk 0:08:52]} 53... Nf5+
{[%clk 0:21:41]} 54. Ke4 {[%clk 0:09:17]} 54... h4 {[%clk 0:22:01]} 55. c5
{[%clk 0:09:09]} 55... Kd7 {[%clk 0:22:05]} 56. Kxf5 {[%clk 0:08:47]} 56... h3
{[%clk 0:22:29]} 57. c6+ {[%clk 0:08:56]} 57... Kxc6 {[%clk 0:22:47]} 58. Kg6
{[%clk 0:09:12]} 58... h2 {[%clk 0:23:11]} 59. f5 {[%clk 0:09:38]} 59... h1=Q
{[%clk 0:23:25]} 60. f6 {[%clk 0:10:03]} 60... Qh8 {[%clk 0:23:27]} 0-1

[Event "ODJM A 2019"]
[Site "Willingen GER"]
[Date "2019.06.13"]
[Round "7"]
[White "Ortmeier, Leonhard"]
[Black "Garbuz, Vitaly"]
[Result "1/2-1/2"]
[Termination "normal"]
[Board "5"]
[WhiteElo "2140"]
[BlackElo "2051"]
[WhiteClock "00:23:00"]
[BlackClock "00:08:58"]
[PlyCount "47"]
[WhiteFideId "12993662"]
[BlackFideId "12990710"]
[EventCountry "GER"]
[EventRounds "9"]
[EventType "swiss"]
[EventDate "2019.06.08"]

1. Nf3 {[%clk 1:30:34]} 1... d5 {[%clk 1:30:54]} 2. c4 {[%clk 1:30:21]} 2... c6
{[%clk 1:31:21]} 3. g3 {[%clk 1:30:14]} 3... Bg4 {[%clk 1:31:46]} 4. Ne5 {
[%clk 1:28:16]} 4... Bf5 {[%clk 1:29:54]} 5. Bg2 {[%clk 1:24:50]} 5... e6 {
[%clk 1:29:12]} 6. b3 {[%clk 1:22:10]} 6... Nf6 {[%clk 1:27:42]} 7. Bb2 { [%clk
1:21:43]} 7... Nbd7 {[%clk 1:24:55]} 8. Nxd7 {[%clk 1:16:12]} 8... Qxd7 { [%clk
1:25:10]} 9. O-O {[%clk 1:16:14]} 9... Be7 {[%clk 1:24:31]} 10. d4 { [%clk
1:16:18]} 10... h5 {[%clk 1:21:24]} 11. h3 {[%clk 1:09:34]} 11... Ne4 { [%clk
1:16:26]} 12. Nd2 {[%clk 1:07:04]} 12... Nxd2 {[%clk 0:48:52]} 13. Qxd2 { [%clk
1:07:06]} 13... Rd8 {[%clk 0:13:42]} 14. Kh2 {[%clk 1:04:12]} 14... Bd6 { [%clk
0:13:43]} 15. Kg1 {[%clk 0:59:52]} 15... Bb8 {[%clk 0:12:07]} 16. h4 { [%clk
0:49:41]} 16... f6 {[%clk 0:11:03]} 17. Rae1 {[%clk 0:47:15]} 17... Kf7 { [%clk
0:11:06]} 18. f4 {[%clk 0:45:09]} 18... Be4 {[%clk 0:08:51]} 19. Bxe4 { [%clk
0:44:13]} 19... dxe4 {[%clk 0:09:18]} 20. Qe3 {[%clk 0:44:32]} 20... f5 { [%clk
0:09:03]} 21. Rd1 {[%clk 0:40:30]} 21... Rh6 {[%clk 0:09:06]} 22. Rd2 { [%clk
0:38:15]} 22... Rg6 {[%clk 0:09:30]} 23. Rfd1 {[%clk 0:36:28]} 23... Rg4 {[%clk
0:08:58]} 24. Kf2 {[%clk 0:23:00]} 1/2-1/2

[Event "ODJM A 2019"]
[Site "Willingen GER"]
[Date "2019.06.13"]
[Round "7"]
[White "Dette, Jan"]
[Black "Kardoeus, David"]
[Result "1/2-1/2"]
[Termination "normal"]
[Board "6"]
[WhiteElo "2116"]
[BlackElo "2202"]
[WhiteClock "00:27:33"]
[BlackClock "00:33:37"]
[PlyCount "93"]
[WhiteFideId "12936677"]
[BlackFideId "12912050"]
[EventCountry "GER"]
[EventRounds "9"]
[EventType "swiss"]
[EventDate "2019.06.08"]

1. e4 {[%clk 1:30:57]} 1... c5 {[%clk 1:27:24]} 2. Nf3 {[%clk 1:31:20]} 2...
Nc6 {[%clk 1:27:23]} 3. d4 {[%clk 1:31:44]} 3... cxd4 {[%clk 1:27:48]} 4. Nxd4
{[%clk 1:32:11]} 4... Nf6 {[%clk 1:28:01]} 5. Nc3 {[%clk 1:32:35]} 5... e5 {
[%clk 1:28:23]} 6. Ndb5 {[%clk 1:32:59]} 6... d6 {[%clk 1:28:48]} 7. Bg5 {
[%clk 1:33:01]} 7... a6 {[%clk 1:28:59]} 8. Na3 {[%clk 1:33:26]} 8... b5 {
[%clk 1:29:20]} 9. Bxf6 {[%clk 1:33:23]} 9... gxf6 {[%clk 1:29:48]} 10. Nd5 {
[%clk 1:33:45]} 10... Bg7 {[%clk 1:29:47]} 11. c3 {[%clk 1:33:19]} 11... O-O {
[%clk 1:27:16]} 12. Nc2 {[%clk 1:26:06]} 12... f5 {[%clk 1:27:04]} 13. exf5 {
[%clk 1:25:50]} 13... Bxf5 {[%clk 1:27:13]} 14. Nce3 {[%clk 1:26:10]} 14... Be6
{[%clk 1:26:30]} 15. Bd3 {[%clk 1:24:35]} 15... f5 {[%clk 1:22:41]} 16. O-O {
[%clk 1:24:56]} 16... Ra7 {[%clk 1:17:22]} 17. a4 {[%clk 1:20:33]} 17... e4 {
[%clk 1:10:04]} 18. Nf4 {[%clk 1:16:15]} 18... Bf7 {[%clk 1:02:49]} 19. Be2 {
[%clk 1:02:38]} 19... Be5 {[%clk 0:47:18]} 20. axb5 {[%clk 0:54:09]} 20... axb5
{[%clk 0:45:35]} 21. Rxa7 {[%clk 0:54:04]} 21... Nxa7 {[%clk 0:44:30]} 22. Ned5
{[%clk 0:53:08]} 22... Qg5 {[%clk 0:41:54]} 23. Nh3 {[%clk 0:45:20]} 23... Qh4
{[%clk 0:31:53]} 24. f4 {[%clk 0:44:18]} 24... exf3 {[%clk 0:22:36]} 25. Rxf3 {
[%clk 0:35:54]} 25... Nc6 {[%clk 0:17:49]} 26. Rxf5 {[%clk 0:30:50]} 26... Be6
{[%clk 0:12:18]} 27. Rxf8+ {[%clk 0:26:56]} 27... Kxf8 {[%clk 0:12:46]} 28.
Qf1+ {[%clk 0:27:10]} 28... Kg7 {[%clk 0:12:17]} 29. Ndf4 {[%clk 0:26:44]}
29... Bxh3 {[%clk 0:10:20]} 30. Nxh3 {[%clk 0:27:08]} 30... b4 {[%clk 0:10:26]}
31. g3 {[%clk 0:24:32]} 31... Qh6 {[%clk 0:10:40]} 32. Nf4 {[%clk 0:20:03]}
32... Bxf4 {[%clk 0:07:32]} 33. Qxf4 {[%clk 0:20:07]} 33... Qxf4 { [%clk
0:07:42]} 34. gxf4 {[%clk 0:20:33]} 34... bxc3 {[%clk 0:07:58]} 35. bxc3 {[%clk
0:20:59]} 35... Ne7 {[%clk 0:08:04]} 36. c4 {[%clk 0:13:09]} 36... Ng6 { [%clk
0:07:57]} 37. Kf2 {[%clk 0:11:53]} 37... Nxf4 {[%clk 0:08:06]} 38. Ke3 { [%clk
0:09:48]} 38... Ng6 {[%clk 0:05:30]} 39. Bd3 {[%clk 0:06:15]} 39... Ne7 { [%clk
0:04:53]} 40. Kd4 {[%clk 0:04:23]} 40... h6 {[%clk 0:04:51]} 41. c5 { [%clk
0:01:27]} 41... dxc5+ {[%clk 0:03:23]} 42. Kxc5 {[%clk 0:29:08]} 42... Kf6
{[%clk 0:33:47]} 43. Kd4 {[%clk 0:29:28]} 43... Kg5 {[%clk 0:34:07]} 44. Ke3
{[%clk 0:29:48]} 44... Kg4 {[%clk 0:33:39]} 45. Kf2 {[%clk 0:29:36]} 45... Nd5
{[%clk 0:33:30]} 46. Be2+ {[%clk 0:29:10]} 46... Kf4 {[%clk 0:33:37]} 47. h3
{[%clk 0:27:33]} 1/2-1/2

[Event "ODJM A 2019"]
[Site "Willingen GER"]
[Date "2019.06.13"]
[Round "7"]
[White "Knudsen, Simon"]
[Black "Doll, Alexander"]
[Result "1/2-1/2"]
[Termination "normal"]
[Board "7"]
[WhiteElo "2166"]
[BlackElo "1991"]
[WhiteClock "00:51:28"]
[BlackClock "00:06:28"]
[PlyCount "72"]
[WhiteFideId "12985546"]
[BlackFideId "16228294"]
[EventCountry "GER"]
[EventRounds "9"]
[EventType "swiss"]
[EventDate "2019.06.08"]

1. g3 {[%clk 1:30:54]} 1... Nf6 {[%clk 1:30:46]} 2. Bg2 {[%clk 1:31:17]} 2...
d5 {[%clk 1:31:10]} 3. d3 {[%clk 1:30:07]} 3... e5 {[%clk 1:30:02]} 4. Nf3 {
[%clk 1:24:16]} 4... Bd6 {[%clk 1:28:51]} 5. O-O {[%clk 1:24:06]} 5... O-O {
[%clk 1:28:47]} 6. Nc3 {[%clk 1:24:30]} 6... c6 {[%clk 1:28:22]} 7. e4 { [%clk
1:24:45]} 7... h6 {[%clk 1:26:38]} 8. h3 {[%clk 1:21:41]} 8... Re8 { [%clk
1:22:56]} 9. a3 {[%clk 1:21:30]} 9... a5 {[%clk 1:16:24]} 10. Nh4 { [%clk
1:21:09]} 10... dxe4 {[%clk 1:14:06]} 11. dxe4 {[%clk 1:21:33]} 11... Bc5
{[%clk 1:11:10]} 12. Qf3 {[%clk 1:21:21]} 12... Na6 {[%clk 1:10:32]} 13. Rd1 {
[%clk 1:11:02]} 13... Qe7 {[%clk 1:09:40]} 14. g4 {[%clk 1:11:20]} 14... Nxg4 {
[%clk 1:09:08]} 15. Nf5 {[%clk 1:06:41]} 15... Bxf5 {[%clk 1:08:13]} 16. hxg4 {
[%clk 1:07:03]} 16... Be6 {[%clk 1:04:15]} 17. Qg3 {[%clk 1:06:31]} 17... Qf6 {
[%clk 1:03:49]} 18. Bf3 {[%clk 1:05:45]} 18... Qg6 {[%clk 0:58:04]} 19. Kg2 {
[%clk 1:06:07]} 19... f6 {[%clk 0:52:49]} 20. Rh1 {[%clk 1:06:09]} 20... Bd4 {
[%clk 0:51:22]} 21. Nd1 {[%clk 1:01:45]} 21... Nc5 {[%clk 0:46:47]} 22. Re1 {
[%clk 1:02:08]} 22... Nd7 {[%clk 0:45:16]} 23. Ne3 {[%clk 1:02:22]} 23... Bxe3
{[%clk 0:44:53]} 24. Bxe3 {[%clk 1:02:45]} 24... Nf8 {[%clk 0:44:28]} 25. Rad1
{[%clk 1:02:31]} 25... Nh7 {[%clk 0:43:35]} 26. Rd6 {[%clk 1:00:58]} 26... Ng5
{[%clk 0:38:02]} 27. Bxg5 {[%clk 1:01:18]} 27... Qxg5 {[%clk 0:37:57]} 28. Be2
{[%clk 1:01:06]} 28... Kf8 {[%clk 0:36:31]} 29. Red1 {[%clk 1:01:23]} 29... Qf4
{[%clk 0:31:09]} 30. Qxf4 {[%clk 0:59:05]} 30... exf4 {[%clk 0:29:21]} 31. Kf3
{[%clk 0:59:28]} 31... Ke7 {[%clk 0:25:54]} 32. Kxf4 {[%clk 0:53:25]} 32... Bd5
{[%clk 0:25:54]} 33. R6xd5 {[%clk 0:53:50]} 33... cxd5 {[%clk 0:26:13]} 34.
Rxd5 {[%clk 0:54:14]} 34... b6 {[%clk 0:19:33]} 35. Bd3 {[%clk 0:52:56]} 35...
g6 {[%clk 0:15:33]} 36. Kg3 {[%clk 0:51:28]} 36... g5 {[%clk 0:06:28]} 1/2-1/2